000 00427nam a2200145Ia 4500
008 151015s9999 xx 000 0 und d
020 _a131716883
050 _aLB 1570 .W574 2007
245 _aWiles Jon
250 _a_Curriculum Development A Guide to Practice / Jon Wiles
300 _aNew jersey : Pearson, 2007
500 _aIncludes index
650 _a_Curriculum Development
700 _a^d20120112 10:27:11^oanne
999 _c3036
_d3036